| 000 | 00916nam a22002057a 4500 | ||
|---|---|---|---|
| 005 | 20250827162848.0 | ||
| 008 | 240903b ||||| |||| 00| 0 eng d | ||
| 082 | _a DPer 796.07 J826 July-October 2019 January-April 2020 v. 38, 39 n. 3-4, 1-2 | ||
| 100 |
_aLiu, Yang. _eauthor. _959931 |
||
| 245 |
_aStudents' knowledge and behaviors for active living : _ba cross-sectional survey study / _cYang Liu and Senlin Chen. |
||
| 260 |
_aChampaign, Illinois ; _bHuman Kinetics, Inc. , _cApril 2020. |
||
| 300 |
_aVolume 39, pages 206-215 : _billustration ; _c28 cm. |
||
| 500 | _aJournal of Teaching in Physical Education, vol. 39, no. 2, pages 206-215, April 2020. | ||
| 650 | 0 |
_aElementary school students. _964906 |
|
| 650 | 0 |
_aKnowledge level. _966404 |
|
| 650 | 0 |
_aInstructional program divisions. _967106 |
|
| 700 |
_aLiu, Yang. _eauthor. _959931 |
||
| 700 |
_aChen, Senlin. _eauthor. _959932 |
||
| 942 |
_2ddc _cPER |
||
| 999 |
_c21225 _d21225 |
||